Big Brother USA Houseguests Seasons 1-14 Quiz Stats

 Plays Quiz not verified by Sporcle

Challenge
Share
Tweet
Embed
Score 0/174 Timer 10:00
0 Plays Today
Season Houseguest % Correct
10Dan Gheesling
97.3%
14Dan Gheesling
97.3%
14Wil Heuser
96.7%
2Mike 'Boogie' Malin
96%
14Mike 'Boogie' Malin
96%
1Jean Jordan
95.3%
11Jordan Lloyd
95.3%
13Jordan Lloyd
95.3%
1William Collins
94.7%
3Danielle Reyes
94.7%
14Danielle Murphy
94.7%
2Dr. WIll Kirby
94%
5Will Wikle
94%
6Janelle Pierzina
94%
6Jennifer Vasquez
93.3%
8Michael 'Mike' Dutz
93.3%
8Jennifer 'Jen' Johnson
93.3%
9Jen Diturno
93.3%
11Jeff Schroeder
93.3%
13Jeff Schroeder
93.3%
6Rachel Plencner
92.7%
12Rachel Reilly
92.7%
13Rachel Reilly
92.7%
14Janelle Pierzina
92.7%
8'Evel Dick' Donato
91.3%
13'Evel Dick' Donato
91.3%
5Mike Lubinski
90.7%
8Joseph 'Joe' Barber II
90%
12Britney Haynes
90%
14Joe Arvin
90%
14Britney Haynes
90%
14Ian Terry
89.3%
12Hayden Moss
88%
9Matt McDonald
87.3%
9Adam Jasinski
87.3%
12Matt Hoffman
87.3%
13Adam Poch
87.3%
12Brendon Villegas
86.7%
13Brendon Villegas
86.7%
8Daniele Donato
84.7%
13Daniele Donato
84.7%
14Shane Meaney
84%
12Lane Elenburg
83.3%
14Jennifer 'Jenn' Arroyo
83.3%
12Vincenzo 'Enzo' Palumbo
82.7%
14Frank Eudy
82.7%
3Eric Oullette
82%
6Eric 'Cappy' Littmann
82%
8Eric Stein
82%
5Michael 'Cowboy' Ellis
81.3%
13Porsche Briggs
81.3%
14Willie Hantz
81.3%
5Natalie Carroll
80.7%
9Natalie Cunial
80.7%
11Natalie Martinez
80.7%
10Jessie Godderz
80%
11Jessie Godderz
80%
14Jojo Spatafora
80%
Season Houseguest % Correct
1'Chicken George' Boswell
79.3%
14Ashley Iocco
79.3%
14Jodi Rollins
78.7%
14Kara Monaco
78.7%
1Eddie McGee
77.3%
10Robert 'Memphis' Garrett
77.3%
6Howie Gordon
76.7%
4Michelle Maradie
75.3%
4Jun Song
75.3%
10Michelle Costa
75.3%
12Annie Whittington
74.7%
5Jennifer 'Nakomis' Dedmon
74%
12Ragan Fox
74%
5Drew Daniel
73.3%
6Michael Donnellan
73.3%
6James Rhine
73.3%
6Ivette Corredero
73.3%
9'Crazy James' Zinkand
73.3%
11Kevin Campbell
73.3%
12Andrew Gordon
73.3%
6April Lewis
72.7%
6Maggie Ausburn
72.7%
10April Dowling
72.7%
11Lydia Tavera
72.7%
8Jessica Hughbanks
72%
11Chima Simone
72%
13Shelly Moore
72%
13Kalia Booker
72%
4Alison Irwin
71.3%
10Keesha Smith
71.3%
12Kathy Hillis
71.3%
2Justin Sebik
70.7%
3Lisa Donahue
70.7%
4Justin Giovinco
70.7%
12Monet Stunson
70.7%
6Kaysar Ridha
70%
10Jerry MacDonald
70%
11Russell Kairouz
70%
3Marcellas Reynolds
69.3%
8Nicholas 'Nick' Starcevic
69.3%
10Lorenza 'Renny' Martyn
69.3%
11Ronnie Talbott
69.3%
13Dominic Briones
69.3%
13Lawon Exum
69.3%
1Joshua Souza
68.7%
3Josh Feinberg
68.7%
9Joshuah Welch
68.7%
10Bryan 'Ollie'
68.7%
11Michele Noonan
68.7%
5Jase Wirey
68%
5Diane Henry
68%
8Zachary Swerdzewski
68%
12Kristen Bitting
67.3%
13Keith Henderson
67.3%
4Erika Landin
66.7%
8Dustin Erikstrup
66.7%
8Amber Siyavus
66.7%
2Bill 'Bunky' Miller
66%
Season Houseguest % Correct
3Amy Crews
66%
8Kail Harbick
66%
8Jameka Cameron
66%
9Ryan Quicksall
66%
10Brian Hart
66%
13Cassi Colvin
66%
2Nicole Nilson Scaffrich
65.3%
11Laura Crosby
65.3%
6Sarah Hrejsa
64%
8Carol Journey
64%
9Sheila Kennedy
64%
10Libra Thompson
64%
4Amanda Craig
63.3%
4Jee Choe
63.3%
9Amanda Hansen
63.3%
11Braden Bacha
63.3%
11Casey Turner
63.3%
2Hardy Ames-Hill
62%
3Jason Guy
62%
4Robert Roman
60.7%
6Ashlea Evans
60%
6Beau Beasley
59.3%
9Sharon Obermueller
59.3%
2Shannon Dragoo
58.7%
2Krista Stegall
58.7%
5Adria Klein
58.7%
4Scott Weintraub
58%
5Scott Long
58%
9Chelsia Hart
58%
1Brittany Petros
57.3%
2Monica Bailey
57.3%
10Steven Daigle
56.7%
4Jack Owens Jr.
55.3%
9Parker Somerville
54.7%
9Allison Nichols
54.7%
10Angie Swindell
54.7%
1Karen Fowler
54%
4David Lane
54%
4Nathan Marlow
54%
5Karen Ganci
54%
9Alex Coladonato
53.3%
3Lori Olsen
52.7%
5Lori Valenti
52.7%
9Jacob Heald
52.7%
3Gerald 'Gerry' Lancaster
51.3%
5Holly King
51.3%
5Marvin Latimer
51.3%
2Sheryl Braxton
50.7%
2Kent Blackwelder
50%
2Autumn Daly
49.3%
9Neil Garcia
49.3%
3Roddy Mancuso
48.7%
3Chiara Jude Berti
47.3%
1Jamie Kern
46.7%
1Curtis Kin
46%
4Dana Varela
45.3%
1Cassandra Waldon
44%
3Tonya Paoni
42.7%

You're not logged in!

Compare scores with friends on all Sporcle quizzes.
OR
Log In

You Might Also Like...

Show Comments

Extras

Created Sep 15, 2012ReportNominate
Tags:Big Brother

Top Quizzes Today


Score Distribution

Your Account Isn't Verified!

In order to create a playlist on Sporcle, you need to verify the email address you used during registration. Go to your Sporcle Settings to finish the process.

Report this User

Report this user for behavior that violates our Community Guidelines.

Details: